书目信息 |
| 题名: |
小学英语教学活动设计
|
|
| 作者: | 卢福波 主编 | |
| 分册: | ||
| 出版信息: | 北京 北京大学出版社 2005 |
|
| 页数: | 157页 | |
| 开本: | 26cm | |
| 丛书名: | 新课程教学活动设计丛书 | |
| 单 册: | ||
| 中图分类: | G623.31 | |
| 科图分类: | ||
| 主题词: | 英语课--活动课程--课程设计--小学 , 英语课 , 活动课程 , 课程设计 | |
| 电子资源: | ||
| ISBN: | 7-301-07206-6 | |
| 000 | 00993oam2 2200289 450 | |
| 001 | 012007680534 | |
| 005 | 20070517090255.25 | |
| 010 | @a7-301-07206-6@dCNY14.00 | |
| 100 | @a20070514d2005 km y0chiy0120 ea | |
| 101 | 0 | @achi@aeng |
| 102 | @aCN@b110000 | |
| 105 | @aa z 000yy | |
| 106 | @ar | |
| 200 | 1 | @a小学英语教学活动设计@Axiao xue ying yu jiao xue huo dong she ji@f卢福波主编@Flu fu bo zhu bian |
| 210 | @a北京@c北京大学出版社@d2005 | |
| 215 | @a157页@c照片,图@d26cm | |
| 225 | 2 | @a新课程教学活动设计丛书 |
| 330 | @a本书精选了国家级课程改革实验区的优秀小学英语教学活动作品58篇,突出“活动”特点,尽可能涵盖各类课、知识类别、教学方法、活动方式、学生学习方式和课程资源的利用。 | |
| 461 | 0 | @12001 @a新课程教学活动设计丛书 |
| 606 | 0 | @a英语课@x活动课程@x课程设计@x小学 |
| 606 | 0 | @a英语课 |
| 606 | 0 | @a活动课程 |
| 606 | 0 | @a课程设计 |
| 690 | @aG623.31@v4 | |
| 701 | 0 | @a卢福波@Alu fu bo@c(英语教学)@4主编 |
| 801 | 0 | @aCN@bRULIN@c20070517 |
| 905 | @dG623.31@e276@s8 | |
| 小学英语教学活动设计/卢福波主编.-北京:北京大学出版社,2005 |
| 157页:照片,图;26cm.-(新课程教学活动设计丛书) |
| ISBN 7-301-07206-6:CNY14.00 |
| 本书精选了国家级课程改革实验区的优秀小学英语教学活动作品58篇,突出“活动”特点,尽可能涵盖各类课、知识类别、教学方法、活动方式、学生学习方式和课程资源的利用。 |
| ● |
| 相关链接 |
|
|
|
|
正题名:小学英语教学活动设计
索取号:G623.31/276
 
预约/预借
| 序号 | 登录号 | 条形码 | 馆藏地/架位号 | 状态 | 备注 |
| 1 | 0577421 | 205774214 | 第一样本阅览室/ [索取号:G623.31/276] | 在馆 | |
| 2 | 0577422 | 205774223 | 第四借阅区/ [索取号:G623.31/276] | 在馆 | |
| 3 | 0577423 | 205774232 | 第四借阅区/ [索取号:G623.31/276] | 在馆 | |
| 4 | 0577424 | 205774241 | 第四借阅区/ [索取号:G623.31/276] | 在馆 | |
| 5 | 0577425 | 205774250 | 第四借阅区/ [索取号:G623.31/276] | 在馆 | |
| 6 | 0577426 | 205774269 | 第四借阅区/ [索取号:G623.31/276] | 在馆 | |
| 7 | 0577427 | 205774278 | 第四借阅区/ [索取号:G623.31/276] | 在馆 | |
| 8 | 0577428 | 205774287 | 第四借阅区/ [索取号:G623.31/276] | 在馆 |